000
00497nam a2200181Ia 4500
008
090123s9999 xx 000 0 und d
082
_b
3836
100
_a
अंतरकर अनंत
245
_a
गाळीव रत्ने
250
_a
1
260
_c
1974
300
_a
135
600
_a
अंतरकर अनंत
630
_a
गाळीव रत्ने
700
_a
अंतरकर अनंत
730
_a
गाळीव रत्ने
942
_c
BOOK
999
_c
41912
_d
41912